Straßenbahn Dresden - Statistiken

Allgemein
  • Dieses Quiz wurde 233 mal gespielt
    225 seit der letzten Aktualisierung
  • Das Durchschnittsergebnis liegt bei 148 aus 440
Antwortstatistiken
Linie Halt % Korrekt
Hauptbahnhof
85%
Hauptbahnhof Nord
85%
Postplatz
85%
Bahnhof Neustadt
79%
Bahnhof Neustadt, Hansastraße
79%
1 | 9 | 13 Prohlis, Gleisschleife
76%
Pirnaischer Platz
72%
Prager Straße
72%
Albertplatz
71%
Bahnhof Mitte
70%
Straßburger Platz
66%
Lennéplatz
64%
Walpurgisstraße
63%
Altmarkt
62%
Gorbitz, Btf. Gorbitz
62%
Anton-/Leipziger Straße
61%
MESSE DRESDEN
61%
10 Messe, Gleisschleife
61%
Carolaplatz
59%
Deutsches Hygiene-Museum
59%
Theaterplatz
58%
Löbtau, Tharandter Straße
57%
Bautzner/Rothenburger Straße
55%
Coswig Zentrum/Börse
55%
Haltepunkt Weixdorf Bad
55%
Nürnberger Platz
55%
S-Bahnhof Freiberger Straße
55%
Hellerau, Kiefernweg
53%
Leutewitz
53%
7 Weixdorf
53%
Bühlau, Ullersdorfer Platz
52%
S-Bahnhof Strehlen
52%
Synagoge
52%
Wilder Mann
52%
Kaditz, Riegelplatz
51%
Neustädter Markt
51%
Pennrich, Gleisschleife
51%
Mickten
50%
Weinböhla
50%
ElbePark
49%
3 Coschütz
48%
Cotta, Gottfried-Keller-Straße
48%
4 Laubegast, Kronstädter Platz
48%
6 Niedersedlitz, S-Bahnhof Niedersedlitz
48%
Plauen, Nöthnitzer Straße
48%
8 Südvorstadt
48%
Zoo
48%
Blasewitz, Schillerplatz
47%
Zwinglistraße
47%
Blasewitzer/Fetscherstraße
46%
Louisenstraße
46%
Reichenbachstraße
46%
Bischofsweg
45%
Budapester Straße
45%
Gret-Palucca-Straße
45%
Münchner Platz
45%
Striesen, Altenberger Straße
45%
Striesen, Ludwig-Hartmann-Straße
45%
11 Zschertnitz, Münzmeisterstraße
45%
Stauffenbergallee
44%
Infineon Süd
42%
2 Kleinzschachwitz, Freystraße
42%
Kongresszentrum
42%
Koreanischer Platz
42%
S-Bahnhof Industriegelände
42%
Wasaplatz
42%
Wölfnitz
42%
Comeniusplatz
40%
Radebeul West, Flemmingstraße
39%
Görlitzer Straße
38%
Sachsenallee
38%
S-Bahnhof Dobritz
38%
Schweriner Straße
38%
Altpieschen
37%
Heeresbäckerei
37%
Tw. Ende Radebeul Ost
37%
Karcherallee
36%
S-Bahnhof Bischofsplatz
36%
Waldschlößchen
36%
Alter Schlachthof
35%
Am Zwingerteich
35%
Fetscherplatz
35%
Palaisplatz
35%
St. Benno-Gymnasium
35%
Tannenstraße
35%
Infineon Nord
34%
Amalie-Dietrich-Platz
33%
Strehlener Platz
33%
Alaunplatz
32%
Krankenhaus Friedrichstadt
32%
Rosa-Luxemburg-Platz
32%
Rosenstraße
32%
Tolkewitz, Schulcampus
32%
Oederaner Straße
31%
Zellescher Weg
30%
Hamburger Straße
29%
Georg-Arnhold-Bad
28%
Krankenhaus St. Joseph-Stift
28%
Pohlandplatz
28%
S-Bahnhof Trachau West
28%
Querallee
27%
Trachenberger Platz
27%
Cottaer Straße
26%
Liststraße
26%
Malterstraße
26%
Alexander-Puschkin-Platz
25%
Bergmannstraße
25%
Bünaustraße
25%
Flügelweg
25%
Gompitz, Gompitzer Höhe
25%
Großenhainer Platz
25%
Julius-Vahlteich-Straße
25%
Lipsiusstraße
25%
Mosenstraße
25%
Albert-Wolf-Platz
24%
An der Flutrinne
24%
Bremer Straße
24%
Elbschlösser
24%
Augsburger Straße
23%
Oschatzer Straße
23%
Abzweig nach Reick
22%
Altcotta
22%
Festspielhaus Hellerau
22%
Spenerstraße
22%
Dürerstraße
21%
Forststraße
21%
Kirschenstraße
21%
Schwimmhalle Freiberger Platz
21%
Cämmerswalder Straße
20%
Hugo-Bürkner-Straße
20%
Käthe-Kollwitz-Platz
20%
Otto-Dix-Ring
20%
Pennricher Straße
20%
Achtbeeteweg
19%
Diakonissenkrankenhaus
19%
Kotteweg
19%
Merianplatz
19%
Mordgrundbrücke
19%
Räcknitzhöhe
19%
Saarstraße
19%
Wernerstraße
19%
Altreick
18%
Grundstraße
18%
Koblenzer Straße
18%
Mockritzer Straße
18%
Trinitatisplatz
18%
Waltherstraße
18%
Hellersiedlung
17%
Jakob-Winter-Platz
17%
Manitiusstraße
17%
Semmelweissstraße
17%
Alberthafen
16%
Dorothea-Erxleben-Straße
16%
Gabelsbergerstraße
16%
Georg-Palitzsch-Straße
16%
Hebbelplatz
16%
Liebstädter Straße
16%
Lohrmannstraße
16%
Lößnitzstraße
16%
Moritzburger Weg
16%
Plattleite
16%
Washingtonstraße
16%
Altleuben
15%
Alttrachau
15%
Angelikastraße
15%
Conertplatz
15%
Cossebauder Straße
15%
Hülßestraße
15%
Karl-Marx-Straße
15%
Lassallestraße
15%
Lene-Glatzer-Straße
15%
Nordstraße
15%
Permoserstraße
15%
Rennplatzstraße
15%
Schlehenstraße
15%
Straße des 17. Juni
15%
Weißeritzstraße
15%
Zur neuen Brücke
15%
Alttolkewitz
14%
Arkonastraße
14%
Hauptstraße
14%
Rankestraße
14%
Rathaus Pieschen
14%
Breitscheidstraße
13%
Cäcilienstraße
13%
Coventrystraße
13%
Fuchsberg
13%
Landesbühnen Sachsen
13%
Marienberger Straße
13%
Prellerstraße
13%
Professor-Ricker-Straße
13%
Schwimmhalle Bühlau
13%
Chamissostraße
12%
Eisenbahnbrücke
12%
Friedensstraße
12%
Gottleubaer Straße
12%
Gustav-Freytag-Straße
12%
Heinrich-Tessenow-Weg
12%
Hubertusplatz
12%
Königsheimplatz
12%
Messering
12%
Rauensteinstraße
12%
Sörnewitzer Straße
12%
Trattendorfer Straße
12%
Vorwerkstraße
12%
Wasserwerk Tolkewitz
12%
Am Hellerand
11%
Burgkstraße
11%
Industriepark Klotzsche
11%
Ockerwitzer Straße
11%
Pulsnitzer Straße
11%
Wieckestraße
11%
Brunnenweg
10%
Bürgerstraße
10%
Dahlienweg
10%
Johannisfriedhof
10%
Kleestraße
10%
Moritzburger Straße
10%
Trachauer Straße
10%
Leubener Straße
9%
Altnossener Straße
8%
Am Weißen Adler
8%
Berthold-Haupt-Straße
8%
Brockwitzer Straße
8%
Eugen-Bracht-Straße
8%
Försterlingstraße
8%
Friedhof Leuben
8%
Gradsteg
8%
Großglocknerstraße
8%
Heckenweg
8%
Hegereiterstraße
8%
Heinrich-Schütz-Straße
8%
Hermann-Seidel-Straße
8%
Jüngststraße
8%
Meußlitzer Straße
8%
Peschelstraße
8%
Rathaus Coswig
8%
Rottwerndorfer Straße
8%
Rudolf-Walther-Straße
8%
Schloss Wackerbarth
8%
Wasastraße
8%
Zeithainer Straße
8%
Zinzendorfstraße
8%
Birkenhainer Straße
7%
Borstraße
7%
Gerhard-Hauptmann-Straße
7%
Guerickestraße
7%
Radebeuler Straße
7%
Salzstraße
7%
Doktor-Külz-Straße
6%
Laibacher Straße
6%
Auerstraße
5%
Gellertstraße
5%
Johannisbergstraße
5%
Köhlerstraße
5%
Schildenstraße
5%
Zillerstraße
5%
Wilhelminenstraße
4%
Steinbacher Weg
3%
Keine übereinstimmenden Quizze gefunden
Verteilung der Resultate
Anzahl Personen mit jedem Resultat
Perzentil nach korrekt beantworteten Fragen
Ihre Resultats-Entwicklung
Sie haben dieses Quiz seit der letzten Aktualisierung nicht gespielt